Poker Hand Values - Statistics

General Stats
  • This quiz has been taken 244 times
  • The average score is 8 of 9
Answer Stats
Hint Answer % Correct
5 Flush
94%
9 Pair
93%
1 Royal Flush
93%
6 Straight
93%
4 Full House
86%
7 Three of a Kind
86%
2 Straight Flush
85%
3 Four of a Kind
79%
8 Two Pairs
55%
No matching quizzes found
Score Distribution
Percent of People with Each Score
Percentile by Number Answered
Your Score History
You have not taken this quiz